[Event "BL2-Sued 1718"]
[Site "Germany"]
[Date "2017.12.10"]
[Round "6.8"]
[White "Schwab, Matthias"]
[Black "Gibicar, Danijel"]
[Result "1/2-1/2"]
[WhiteElo "2148"]
[BlackElo "2267"]
[PlyCount "114"]
[EventDate "2017.10.21"]
[EventType "team-tourn"]
[EventRounds "10"]
[EventCountry "GER"]
[SourceTitle "CBM 183 Extra"]
[Source "ChessBase"]
[SourceDate "2018.04.19"]
[SourceVersion "1"]
[SourceVersionDate "2018.04.19"]
[SourceQuality "1"]
[WhiteTeam "Boeblingen"]
[BlackTeam "Eppingen"]
[WhiteTeamCountry "GER"]
[BlackTeamCountry "GER"]

1. c4 c5 2. Nc3 g6 3. Nf3 Bg7 4. d4 cxd4 5. Nxd4 Nc6 6. Nc2 Bxc3+ 7. bxc3 Qa5 8. e4 Nf6 9. Qd3 d6 10. f3 Be6 11. Bh6 Nd7 12. Ne3 Nc5 13. Qc2 Rg8 14. Rb1 0-0-0 15. Nd5 Bxd5 16. cxd5 Ne5 17. Be3 a6 18. Be2 Qa4 19. Qxa4 Nxa4 20. 0-0 Nd7 21. Rfc1 Nac5 22. Rb4 Kc7 23. a4 b6 24. Ra1 Rb8 25. a5 b5 26. Rab1 Ne5 27. f4 Ned7 28. Bd4 e5 29. dxe6 fxe6 30. Be3 Nf6 31. Bf3 Nfd7 32. g3 h6 33. Rd1 g5 34. Kf2 gxf4 35. gxf4 Rbf8 36. Rbd4 Nb7 37. c4 e5 38. Rd5 bxc4 39. f5 Nf6 40. Bb6+ Kc6 41. R5d2 d5 42. Rc2 Nd6 43. exd5+ Kd7 44. Rg1 e4 45. Rxg8 Rxg8 46. Be2 Ng4+ 47. Ke1 Ne5 48. f6 Nd3+ 49. Kd2 Nb4 50. Rxc4 Nxc4+ 51. Bxc4 Kd6 52. Kc3 Nxd5+ 53. Kd4 Nxf6 54. Bxg8 Nxg8 55. Kxe4 Ke6 56. Kd4 Kd6 57. Ke4 Ke6 1/2-1/2

[Event "Pardubice Czech op-A 28th"]
[Site "Pardubice"]
[Date "2017.07.29"]
[Round "9"]
[White "Suta, Andraz"]
[Black "Gibicar, Danijel"]
[Result "0-1"]
[WhiteElo "2133"]
[BlackElo "2280"]
[PlyCount "62"]
[EventDate "2017.07.21"]
[EventType "swiss"]
[EventRounds "9"]
[EventCountry "CZE"]
[SourceTitle "CBM 179 Extra"]
[Source "ChessBase"]
[SourceDate "2017.08.23"]
[SourceVersion "1"]
[SourceVersionDate "2017.08.23"]
[SourceQuality "1"]

1. e4 e6 2. d4 d5 3. Nc3 Bb4 4. Qd3 Ne7 5. Bd2 b6 6. 0-0-0 Ba6 7. Qf3 Bxf1 8. Rxf1 0-0 9. a3 Bxc3 10. Bxc3 c5 11. exd5 exd5 12. Ne2 Nbc6 13. h4 Qd7 14. g4 f5 15. gxf5 Nxf5 16. Qg4 Rf7 17. Rhg1 Re8 18. dxc5 bxc5 19. Ng3 d4 20. Nxf5 Rxf5 21. Bd2 Ne5 22. Qh3 Nf3 23. Rg3 Qf7 24. Qg4 Nh2 25. Qxf5 Qxf5 26. Rfg1 Re7 27. Bg5 Re2 28. Bd2 g6 29. f4 Qe4 30. h5 Rxd2 31. Kxd2 Nf3+ 0-1

[Event "Pardubice Czech op-A 28th"]
[Site "Pardubice"]
[Date "2017.07.22"]
[Round "2"]
[White "Gibicar, Danijel"]
[Black "Kozak, Adam"]
[Result "0-1"]
[WhiteElo "2280"]
[BlackElo "2414"]
[PlyCount "116"]
[EventDate "2017.07.21"]
[EventType "swiss"]
[EventRounds "9"]
[EventCountry "CZE"]
[SourceTitle "CBM 179 Extra"]
[Source "ChessBase"]
[SourceDate "2017.08.23"]
[SourceVersion "1"]
[SourceVersionDate "2017.08.23"]
[SourceQuality "1"]

1. e4 e5 2. Nf3 Nc6 3. Bb5 a6 4. Ba4 Nf6 5. d3 d6 6. c3 g6 7. Nbd2 Bg7 8. Nf1 0-0 9. Ng3 b5 10. Bb3 Bb7 11. 0-0 Na5 12. Bc2 c5 13. h3 Re8 14. Be3 Rc8 15. Nh2 d5 16. Ng4 Nxg4 17. hxg4 d4 18. cxd4 exd4 19. Bd2 c4 20. b3 c3 21. Bc1 Qh4 22. g5 Nc6 23. Ne2 Nb4 24. g3 Qg4 25. f3 Qe6 26. a3 Nxc2 27. Qxc2 a5 28. Nf4 Qd7 29. Kg2 Rc5 30. Ne2 b4 31. axb4 axb4 32. Bf4 Rcc8 33. Ra4 Bf8 34. Rfa1 Bc5 35. g4 Bc6 36. Ra5 Bb5 37. Bg3 Bb6 38. R5a2 Qe7 39. Bf4 Rcd8 40. Rh1 Ra8 41. Rha1 Ra3 42. Bc1 Rxa2 43. Rxa2 Qb7 44. Bf4 Bc5 45. Nc1 Qc6 46. Kf2 Bb6 47. Ne2 Qc5 48. Bc1 Bc7 49. Nf4 Qxg5 50. Ng2 Qe7 51. f4 Qc5 52. f5 Rxe4 53. dxe4 d3+ 54. Be3 dxc2 55. Bxc5 c1Q 56. Ra8+ Kg7 57. f6+ Kxf6 58. g5+ Ke6 0-1

[Event "BL2-Sued 1617"]
[Site "Germany"]
[Date "2017.03.19"]
[Round "7.7"]
[White "Gibicar, Danijel"]
[Black "Plenca, Jadranko"]
[Result "0-1"]
[WhiteElo "2259"]
[BlackElo "2422"]
[PlyCount "62"]
[EventDate "2016.10.16"]
[EventType "team-tourn"]
[EventRounds "9"]
[EventCountry "GER"]
[SourceTitle "EXT 2018"]
[Source "ChessBase"]
[SourceDate "2017.10.13"]
[SourceVersion "1"]
[SourceVersionDate "2017.10.13"]
[SourceQuality "1"]
[WhiteTeam "Eppingen"]
[BlackTeam "Schoenaich"]
[WhiteTeamCountry "GER"]
[BlackTeamCountry "GER"]

1. e4 e5 2. Nf3 Nc6 3. Bb5 a6 4. Ba4 Nf6 5. d3 d6 6. c3 g6 7. d4 Bd7 8. d5 Ne7 9. Bxd7+ Qxd7 10. Qc2 Qg4 11. Nbd2 Qxg2 12. Rg1 Qh3 13. Qd3 Qd7 14. Nf1 Bg7 15. Ng3 0-0 16. Bd2 Nexd5 17. 0-0-0 Nf4 18. Bxf4 exf4 19. Ne2 Qb5 20. c4 Qb6 21. Nfd4 c5 22. Nb3 a5 23. Nc3 a4 24. Nd2 Nd7 25. Nb5 Ne5 26. Qe2 a3 27. b3 Nc6 28. Nf3 Nb4 29. Qd2 d5 30. e5 dxc4 31. bxc4 Qe6 0-1

[Event "GER-chT U20"]
[Site "Borken"]
[Date "2016.12.29"]
[Round "5.3"]
[White "Poghosyan, Tigran"]
[Black "Gibicar, Danijel"]
[Result "1/2-1/2"]
[WhiteElo "2051"]
[BlackElo "2210"]
[PlyCount "86"]
[EventDate "2016.12.27"]
[EventType "team-swiss"]
[EventRounds "7"]
[EventCountry "GER"]
[SourceTitle "EXT 2018"]
[Source "ChessBase"]
[SourceDate "2017.10.13"]
[SourceVersion "1"]
[SourceVersionDate "2017.10.13"]
[SourceQuality "1"]
[WhiteTeam "Luebeck"]
[BlackTeam "Eppingen"]
[WhiteTeamCountry "GER"]
[BlackTeamCountry "GER"]

1. e4 e6 2. d4 d5 3. Nd2 a6 4. Ngf3 c5 5. dxc5 Bxc5 6. Bd3 Nc6 7. 0-0 Nf6 8. exd5 exd5 9. Re1+ Be6 10. Nb3 Bb6 11. Bg5 0-0 12. c3 Bg4 13. Bc2 Rc8 14. Qd3 g6 15. Nfd4 Qd6 16. h3 Bd7 17. Qd2 Bc7 18. Nf3 Nh5 19. Rad1 Be6 20. c4 dxc4 21. Qxd6 Bxd6 22. Rxd6 cxb3 23. Bxb3 Bxb3 24. axb3 f6 25. Bh6 Rfd8 26. Rde6 Kf7 27. g4 Rd3 28. R6e3 Rxe3 29. Bxe3 Ng7 30. Bb6 Ne6 31. Rd1 Ke7 32. Rc1 Kd7 33. Rd1+ Ke7 34. Rc1 Nf4 35. Kh2 Nd3 36. Rd1 Nde5 37. Nd2 Nb4 38. Ne4 Ned3 39. Bd4 f5 40. Ng3 Ke6 41. Bc3 a5 42. Rd2 Rc5 43. Ne2 fxg4 1/2-1/2